Catalog

Record Details

Catalog Search



Primární prevence drogových závislostí - s praktickou částí zaměřenou na situaci v Plzni : diplomová práce Cover Image Book Book

Primární prevence drogových závislostí - s praktickou částí zaměřenou na situaci v Plzni : diplomová práce Petr Žíla ; vedoucí práce: Ing. Mgr. Jan Dočkal, CSc.

Record details

  • Physical Description: 42 s. 6 tab. na příl.
  • Publisher: Praha JABOK - Vyšší sociálně pedagogická a teologická škola 1998

Content descriptions

Bibliography, etc. Note:
bibliogr.

Available copies

  • 2 of 2 copies available at Common Catalog SPOK.

Holds

  • 0 current holds with 2 total copies.
Show Only Available Copies
Location Call Number / Copy Notes Barcode Shelving Location Status Due Date
Jabok Library ABP-0144 424480002190 Depozitář - Absolv. práce Reference -
Jabok Library ABP-0144 424480002215 Absolventské práce Reference -

LDR 00823ntm a22 a 4500
0019817
003CZ-PrJAB
00520020429000000.0
008990126s1998 xr e |||| |cze
009cz
035 . ‡a(CONS)9817
035 . ‡aKPS0004265
040 . ‡a
0410 . ‡acze
10011. ‡72507 ‡aŽíla, Petr
110 2. ‡aJABOK - Vyšší sociálně pedagogická a teologická škola ‡bPraha
2451 . ‡aPrimární prevence drogových závislostí - s praktickou částí zaměřenou na situaci v Plzni : ‡bdiplomová práce ‡cPetr Žíla ; vedoucí práce: Ing. Mgr. Jan Dočkal, CSc.
260 . ‡aPraha ‡bJABOK - Vyšší sociálně pedagogická a teologická škola ‡bPraha ‡c1998
300 . ‡a42 s. ‡b6 tab. na příl.
504 . ‡abibliogr.
653 . ‡asociálně patologické jevy ‡azávislost ‡adrogy ‡aprevence ‡aPlzeň
70011. ‡72225 ‡aDočkal, Jan ‡cIng. Mgr., CSc.
999 . ‡a144-d ‡c144-d ‡i424480002215 ‡l ‡tP
999 . ‡a144b- ‡c144b- ‡i424480002190 ‡l ‡tP
910 . ‡aABG312
901 . ‡a9817 ‡bUnknown ‡c9817 ‡tbiblio

Additional Resources